000 00255nam a2200109Ia 4500
008 190911s9999||||xx |||||||||||||| ||und||
100 _aElaine Malfas
245 3 _aAn Introduction To Desktop
260 _aNew York
_bCRC
_c1998
300 _a350
942 _cBK
999 _c6733
_d6733